000 00425nam a2200181Ia 4500
008 230524s9999 xx 000 0 und d
020 _a8122403456
082 _a537
_bERI
100 _aErich Gelder
245 4 _aThe Transistor Pi 21
250 _a1ST
260 _aNEW DELHI
_bWiley Eastern
_c1991
300 _a68
500 _aQuantity Number: 2
650 _aPhysics
700 _aKarl Heinz Reiter
942 _cBK
999 _c25765
_d25765